The biology of the amphibia / (Record no. 66465)
[ view plain ]
| 000 -LEADER | |
|---|---|
| fixed length control field | 00846nam a2200253 a 4500 |
| 001 - CONTROL NUMBER | |
| control field | 66465 |
| 003 - CONTROL NUMBER IDENTIFIER | |
| rucl marc code | BD-RjUL |
| 005 - DATE AND TIME OF LATEST TRANSACTION | |
| control field | 20211209081538.0 |
| 008 - FIXED-LENGTH DATA ELEMENTS--GENERAL INFORMATION | |
| fixed length control field | 170316r19551931nyua b 001 0 eng d |
| 020 ## - INTERNATIONAL STANDARD BOOK NUMBER | |
| International Standard Book Number | 0486602060 |
| 035 ## - SYSTEM CONTROL NUMBER | |
| System control number | (BD-RjUL)66595 |
| 040 ## - CATALOGING SOURCE | |
| Original cataloging agency | DLC |
| Transcribing agency | DLC |
| Language of cataloging | eng |
| Modifying agency | BD-RjUL |
| 041 ## - LANGUAGE CODE | |
| Language code of text/sound track or separate title | eng |
| 082 ## - DEWEY DECIMAL CLASSIFICATION NUMBER | |
| Edition number | 23 |
| Classification number | 597.8 |
| Author mark and year | NOB 1959 |
| 100 1# - MAIN ENTRY--PERSONAL NAME | |
| Personal name | Noble, G. Kingsley |
| Fuller form of name | (Gladwyn Kingsley), |
| Dates associated with a name | 1894-1940. |
| 9 (RLIN) | 196701 |
| 245 14 - TITLE STATEMENT | |
| Title | The biology of the amphibia / |
| Statement of responsibility, etc. | by G. Kingsley Noble. |
| 260 ## - PUBLICATION, DISTRIBUTION, ETC. (IMPRINT) | |
| Place of publication, distribution, etc. | New York: |
| Name of publisher, distributor, etc. | Dover Publications, |
| Date of publication, distribution, etc. | c1931,1954 |
| 300 ## - PHYSICAL DESCRIPTION | |
| Pagination | [11] 577p [8] : |
| Illustrations | ill. ; |
| Size | 21 cm. |
| 500 ## - GENERAL NOTE | |
| General note | "An unabridged republication of the first edition with a new biographical note on the author." |
| 504 ## - BIBLIOGRAPHY, ETC. NOTE | |
| Bibliography, etc | Includes bibliographical references and indexes. |
| 650 #0 - SUBJECT ADDED ENTRY--TOPICAL TERM | |
| Topical term or geographic name as entry element | Amphibia. |
| 9 (RLIN) | 196702 |
| 942 ## - ADDED ENTRY ELEMENTS (KOHA) | |
| Source of classification or shelving scheme | Dewey Decimal Classification |
| Koha item type | Books |
| Lost status | Source of classification or shelving scheme | Damaged status | Not for loan | Collection code | Permanent Location | Current Location | Shelving location | Date acquired | Source of acquisition | Cost, normal purchase price | Total Checkouts | Full call number | Date last seen | Copy number | Koha item type |
|---|---|---|---|---|---|---|---|---|---|---|---|---|---|---|---|
| Dewey Decimal Classification | Not For Loan | Non-fiction | Central Library, University of Rajshahi | Central Library, University of Rajshahi | Reading Room | 09/12/2021 | Janathan Wren & Co. London | 2.25 | 597.8 NOB 1959 | 16/03/2017 | C-1 | Books |